起終点から国道を当てろ! - Statistics

General Stats
  • This quiz has been taken 172 times
  • The average score is 7 of 15
Answer Stats
起点 終点 国道 % Correct
東京都中央区日本橋 青森県青森市青い森公園前 4
98%
福岡県北九州市門司区老松公園前交差点 鹿児島県鹿児島市照国神社前交差点 3
95%
新潟県新潟市中央区本町交差点 青森県青森市青い森公園前 7
90%
鹿児島県鹿児島市西郷隆盛銅像前交差点 沖縄県那覇市明治橋 58
71%
三重県四日市市大里町交差点 大阪府大阪市北区梅田新道交差点 25
65%
岐阜県瑞浪市山野内交差点 滋賀県米原市米原警察署前交差点 21
59%
静岡県浜松市中央区篠原交差点 和歌山県和歌山市県庁前交差点 42
58%
青森県青森市青い森公園前 秋田県秋田市臨海十字路 101
32%
兵庫県神戸市中央区神戸港 兵庫県神戸市中央区税関前交差点 174
32%
青森県青森市橋本二丁目交差点 秋田県大館市立花交差点 103
28%
栃木県日光市神橋交差点 栃木県宇都宮市西原交差点 119
21%
愛知県名古屋市東区小川交差点 長野県塩尻市高出交差点 153
21%
北海道旭川市4条通1丁目・4条通2丁目交差点 北海道浦河郡浦河町 237
13%
新潟県新潟市中央区栗ノ木橋交差点 福島県双葉郡浪江町知命寺交差点 459
13%
アルワル ビハール・シャリーフ 110
12%
No matching quizzes found
Score Distribution
Percent of People with Each Score
Percentile by Number Answered
Your Score History
You have not taken this quiz